Pokémon - Les attaques de Mite-de-Fer - Statistiques

Statistiques générales
  • Ce quiz a été pris 12 fois
  • Le résultat moyen est 12 sur 18
Statistiques - réponses
Niveaux Types Noms des attaques % Correct
Niveau 84 Insecte Bourdon
100%
Départ Feu Flammèche
100%
Niveau 56 Feu Danse du Feu
88%
Niveau 7 Insecte Survinsecte
88%
Niveau 77 Vol Vent Violent
88%
Départ Poison Bombe Acide
75%
Départ Électrique Champ Électrifié
75%
Niveau 49 Poison Cradovague
75%
Niveau 14 Feu Danse Flammes
75%
Niveau 91 Feu Surchauffe
75%
Départ Vol Tornade
75%
Niveau 42 Électrique Coup d'Jus
63%
Niveau 35 Normal Grincement
50%
Niveau 63 Acier Strido-Son
50%
Niveau 70 Normal Aurore
25%
Départ Normal Cyclone
25%
Niveau 21 Normal Bélier
13%
Niveau 28 Insecte Furie-Bond
13%
Aucun quiz correspondant
Distribution des résultats
% des personnes avec chaque résultat
Percentile par nombre de réponses
Votre historique - résultats
Vous n’avez pas pris ce quiz